| 000 | 00904nac a22002651i 4500 | ||
|---|---|---|---|
| 003 | EG-ScBUE | ||
| 005 | 20250629095838.0 | ||
| 008 | 250616s1958 enka f 001 0 eng d | ||
| 035 | _a(DLC) 58004233 | ||
| 040 |
_aEG-ScBUE _beng _erda _cEG-ScBUE _dEG-ScBUE |
||
| 082 | 0 | 4 |
_a537 _bMYE _222 |
| 100 | 1 |
_aMyers, William Ronald, _eauthor. |
|
| 245 | 1 | 0 |
_aTheoretical electromagnetism / _cW. R. Myers, M.Sc., A.Inst.P., lecturer in physics, Southampton University. |
| 264 | 1 |
_aLondon : _bButterworths Scientific Publications, _c1958. |
|
| 300 |
_axii, 274 pages : _billustrations ; _c23 cm |
||
| 336 |
_2rdacontent _atext _btxt |
||
| 337 |
_aunmediated _2rdamedia _bn |
||
| 338 |
_avolume _bnc _2rdacarrier |
||
| 500 | _aIncludes index. | ||
| 500 | _aIncludes Appendices. | ||
| 650 | 7 |
_aElectromagnetism. _2BUEsh |
|
| 655 | _vReading book | ||
| 942 |
_cBB _2ddc |
||
| 999 |
_c1828 _d1828 |
||